000 00426nam a2200145 i 4500
001 84264
003 ES-MaACL
007 t|
008 041122s1984 sp ||||1| spa d
100 1 _aIzuzquiza, Ignacio.
_965753
245 1 3 _aEl proyecto filosófico de Juan David García Bacca /
_cIgnacio Izuzquiza.
260 _a[Barcelona] :
_bAnthropos,
_c[1984]
300 _a535 p. ;
_c20 cm.
852 _aES-MaACL
_jL-6816
_bR.107773
999 _c84264
_d84264